000 00600nam a2200169Ia 4500
008 090201s9999 xx 000 0 und d
010 _aKPL-64627
040 _bमराठी
041 _aमराठी
082 _a33192
_b64627
100 _aअमरेंद्र गाडगीळ
245 _aश्रीरामकोश खंड 1 भाग 1
_cअमरेंद्र गाडगीळ
260 _c2004
_bश्रीराम कोश मंडळ
300 _a266
_bमोठा
600 _aश्रीरामकोश खंड 1 भाग 1
942 _cBOOK
999 _c231460
_d231460